000 00425nam a22001817a 4500
003 MPLRDC
005 20220104143935.0
008 210129b ||||| |||| 00| 0 eng d
082 _a857.8 JMCZ v.13 c.3
100 _a牟亚著
245 _a第二个回响
_c
250 _a初版
260 _a
_b精美出版社
_c1983
300 _b
490 _a精美创作; 13
650 _a
942 _cBK
_o857.8 JMCZ v.13 c.3
999 _c44846
_d44836